000 01328nam0a22003131 4500
001 rc\2815904
005 20250806211117.0
035 _a(NLR Aleph) 006941640
090 _a39093
_c39093
100 _a20110915d1945 u y0rusy50 ca
101 0 _arus
102 _aRU
105 _ay z |||||
200 1 _aО проекте Конституции Союза ССР
_eДоклад на Чрезвычайном VIII Всесоюз. съезде советов 25 ноября 1936 г.
_fИ. Сталин
210 _aБаку
_cАзернешр
_d1945
215 _a36 с.
_d19 см.
300 _aНа обл.: И. Сталин. Доклад о проекте Конституции Союза ССР
300 _aНа 4-й с. обл. загл. и вых. дан. на азерб. яз.
700 1 _aСталин
_bИ.В.
_gИосиф Виссарионович
712 0 1 _aСССР
_bСъезд Советов
_d8 (чрезвычайный)
_f1936
_3RU\NLR\AUTH\8810218419
_4570
742 1 _aСССР
_tКонституция
_f1936
_nпроект
_3RU\NLR\AUTH\8810166668
_4570
801 0 _aRU
_bNLR
_gpsbo
801 1 _aRU
_bELAR
_2rusmarc
852 _aNLR
_jС 1-36/2-102
942 _cBOOK
945 _aРоссийская национальная библиотека
980 _aNB
980 _aBV